MARC

LEADER 00000nam0a2200000 4500
001 69523
005 20231031075859.0
035 |a (RuTPU)RU\TPU\book\74022 
090 |a 69523 
100 |a 20041026d1960 k y0rusy50 ca 
101 1 |a rus  |c eng  |c ger 
102 |a RU 
105 |a y z 000zy 
200 1 |a Теория сверхпроводимости  |e сборник статей  |e пер. с англ., нем.  |f под ред. Н. Н. Боголюбова 
210 |a Москва  |c Изд-во иностранной литературы  |d 1960 
215 |a 416 с.  |c ил. 
320 |a Библиография в конце статей 
610 1 |a сверхпроводимость 
610 1 |a электроны 
610 1 |a квазихимическое равновесие 
610 1 |a скин-эффект 
610 1 |a эффект Мейсснера 
610 1 |a хаотические фазы 
610 1 |a уравнения движения 
610 1 |a калибровочная инвариантность 
675 |a 537.48  |v 3 
702 1 |a Боголюбов  |b Н. Н.  |4 340 
801 1 |a RU  |b 63413507  |c 20041026  |g PSBO 
801 2 |a RU  |b 63413507  |c 20160727  |g PSBO 
942 |c BK